| 000 | 00535nam a22001811a 4500 | ||
|---|---|---|---|
| 001 | 1263 | ||
| 003 | OSt | ||
| 005 | 20260204211727.0 | ||
| 008 | 040117s2000||||xx ||||||b||||||||||spa|| | ||
| 050 | _a379.1552 P41s | ||
| 082 | _a379.1552 P41s | ||
| 245 | _aPerspectivas sobre la reforma educativa. América Central en el contexto de políticas de educación en las américas / Juan Carlos Navarros | ||
| 264 | _aS.l : HID | ||
| 300 | _a440 p. | ||
| 650 | _a1.Educación-Reformas | ||
| 700 | _aJuan Carlos NavarrosÌ | ||
| 942 |
_2ddc _cBK |
||
| 999 |
_c1263 _d1263 |
||